000 00531nam a2200157 a 4500
001 000039193
005 20260422131638.0
008 130607s2013 dr 000 0 spa d
020 _a9789945481297
040 _aDO-SdBNP
_bspa
_cBNPHU
100 1 _aBarnichta Geara, Edgar,
_d1958-
_97487
245 1 0 _aReflexiones :
_btributarias, econímicas y sociales /
_cEdgar Barnichta Geara.
260 _aSanto Domingo :
_bCentenario,
_c2013.
300 _a128 p. ;
_c24 cm.
500 _aIncluye datos biográficos del autor en la contracubierta
999 _c38683
_d38683